THE BHAGAVAD GITA (Record no. 12272)
[ view plain ]
| 000 -LEADER | |
|---|---|
| fixed length control field | 00419nam a22001697a 4500 |
| 003 - CONTROL NUMBER IDENTIFIER | |
| control field | OSt |
| 008 - FIXED-LENGTH DATA ELEMENTS--GENERAL INFORMATION | |
| fixed length control field | 240323b |||||||| |||| 00| 0 eng d |
| 020 ## - INTERNATIONAL STANDARD BOOK NUMBER | |
| International Standard Book Number | 9788120813908 |
| 082 ## - DEWEY DECIMAL CLASSIFICATION NUMBER | |
| Classification number | 284.5 PRT |
| 100 ## - MAIN ENTRY--PERSONAL NAME | |
| Personal name | PARSAD, RAMANANDA |
| 245 ## - TITLE STATEMENT | |
| Title | THE BHAGAVAD GITA |
| 250 ## - EDITION STATEMENT | |
| Edition statement | 2nd rev |
| Remainder of edition statement | 2014 |
| 260 ## - PUBLICATION, DISTRIBUTION, ETC. (IMPRINT) | |
| Place of publication, distribution, etc | New Delhi |
| Name of publisher, distributor, etc | MITILAL BANARSIDASS PUB |
| 300 ## - PHYSICAL DESCRIPTION | |
| Extent | xvi,329 |
| 650 ## - SUBJECT ADDED ENTRY--TOPICAL TERM | |
| Topical term or geographic name as entry element | General/Decentralization |
| 942 ## - ADDED ENTRY ELEMENTS (KOHA) | |
| Source of classification or shelving scheme | Dewey Decimal Classification |
| Koha item type | Reference Books |
| Withdrawn status | Lost status | Source of classification or shelving scheme | Damaged status | Not for loan | Collection code | Home library | Current library | Date acquired | Source of acquisition | Currency | Cost, normal purchase price | Bill Number | Total Checkouts | Full call number | Acc. no. / Barcode | Date last seen | Date last borrowed | Actual Cost, discounted price | Bill Date | Koha item type |
|---|---|---|---|---|---|---|---|---|---|---|---|---|---|---|---|---|---|---|---|---|
| Dewey Decimal Classification | Diploma in Pharmacy | PIET C-LIBRARY | PIET C-LIBRARY | 23/03/2024 | MOTILAL BANARSIDASS Pub. | RUPEES | 295.00 | HO/CM-639/23-24 | 3 | 294.5 PRT | DP1361 | 05/08/2025 | 08/07/2025 | 221.25 | 06/03/2024 | Text Books |